[Event "Brazil AXPG op 1st"]
[Site "Ponta Grossa"]
[Date "2017.10.28"]
[Round "4"]
[White "Pereira, Joao Paulo"]
[Black "Deus Filho, Joaquim"]
[Result "0-1"]
[WhiteElo "2099"]
[BlackElo "1966"]
[PlyCount "154"]
[EventDate "2017.10.26"]
[EventType "swiss"]
[EventRounds "7"]
[EventCountry "BRA"]
[SourceTitle "CBM 181 Extra"]
[Source "ChessBase"]
[SourceDate "2017.12.12"]
[SourceVersion "1"]
[SourceVersionDate "2017.12.12"]
[SourceQuality "1"]

1. e4 c5 2. Nf3 e6 3. d4 cxd4 4. Nxd4 Nf6 5. Bd3 Nc6 6. c3 d6 7. 0-0 Be7 8. Be3 Ne5 9. Bc2 0-0 10. Nd2 a6 11. Qe2 Qc7 12. f4 Neg4 13. Kh1 Nxe3 14. Qxe3 Ne8 15. Rae1 b5 16. Bb3 Qc5 17. Qe2 Rb8 18. e5 Bh4 19. Rd1 Be7 20. Ne4 Qc7 21. f5 exf5 22. exd6 Nxd6 23. Nxd6 Bxd6 24. Nxf5 Bxf5 25. Rxf5 Kh8 26. Rh5 g6 27. Rh3 Rbe8 28. Qf2 Qe7 29. Rf3 f6 30. Qb6 Bb8 31. Qxa6 Qe5 32. g3 Qe4 33. Bd5 Qe2 34. Rdf1 f5 35. R3f2 Qd3 36. c4 bxc4 37. Qxc4 Qe3 38. Rf3 Qb6 39. Rb3 Qf6 40. Rf2 Re1+ 41. Kg2 Ba7 42. Rf1 Rxf1 43. Kxf1 Qe5 44. Rd3 Qxb2 45. Qc3+ Qxc3 46. Rxc3 Rd8 47. Rc7 Bb6 48. Rb7 Rxd5 49. Rxb6 Rd2 50. a4 Rxh2 51. a5 Ra2 52. a6 Kg7 53. Rb7+ Kf6 54. a7 h6 55. Ke1 Kg5 56. Kd1 Kg4 57. Kc1 Kxg3 58. Kb1 Ra6 59. Kb2 f4 60. Rb6 Rxa7 61. Rxg6+ Kf2 62. Rxh6 Rd7 63. Rh2+ Kg3 64. Rh8 Rd5 65. Rg8+ Kf3 66. Rf8 Kg3 67. Rg8+ Kf2 68. Rf8 f3 69. Rf7 Rd4 70. Re7 Kg3 71. Kc3 Rf4 72. Rg7+ Rg4 73. Rf7 f2 74. Kd2 Kg2 75. Ke2 Re4+ 76. Kd3 Re1 77. Rg7+ Kh3 0-1

[Event "Brazil AXPG op 1st"]
[Site "Ponta Grossa"]
[Date "2017.10.26"]
[Round "1"]
[White "Lukachewski Junior, Wanderlei"]
[Black "Pereira, Joao Paulo"]
[Result "0-1"]
[WhiteElo "2063"]
[BlackElo "2099"]
[PlyCount "96"]
[EventDate "2017.10.26"]
[EventType "swiss"]
[EventRounds "7"]
[EventCountry "BRA"]
[SourceTitle "CBM 181 Extra"]
[Source "ChessBase"]
[SourceDate "2017.12.12"]
[SourceVersion "1"]
[SourceVersionDate "2017.12.12"]
[SourceQuality "1"]

1. d4 d5 2. c4 c6 3. Nc3 Nf6 4. Nf3 dxc4 5. a4 Bf5 6. e3 e6 7. Bxc4 Bb4 8. 0-0 0-0 9. Qe2 Nbd7 10. e4 Bg4 11. Rd1 Qc7 12. e5 Nd5 13. Bd2 Be7 14. Rdc1 Qb6 15. Bxd5 cxd5 16. Qb5 Qxb5 17. Nxb5 a6 18. Rc7 Rfd8 19. Nd6 Bxd6 20. exd6 Bxf3 21. gxf3 Rab8 22. a5 Nf6 23. Bb4 Ne8 24. Re7 Nxd6 25. Bxd6 Rxd6 26. Rc1 Rc6 27. Rxc6 bxc6 28. Rc7 g6 29. Rxc6 Rxb2 30. Rxa6 Rd2 31. Ra8+ Kg7 32. a6 Rxd4 33. a7 Ra4 34. Kf1 Kf6 35. Ke2 Ke5 36. Kd3 d4 37. Kc2 Kf4 38. Kb3 Ra6 39. Kc4 e5 40. Kb5 Ra1 41. Kb6 Kxf3 42. Rf8 Rxa7 43. Kxa7 f5 44. Rd8 Kxf2 45. Kb6 Ke3 46. Kc5 d3 47. Kc4 e4 48. Kc3 f4 0-1

[Event "Parana-chT"]
[Site "Sao Jose dos Pinhais"]
[Date "2014.10.15"]
[Round "3.2"]
[White "Da Silva, Alan Guimaraes"]
[Black "Pereira, Joao Paulo"]
[Result "1/2-1/2"]
[WhiteElo "1801"]
[BlackElo "1818"]
[PlyCount "94"]
[EventDate "2014.10.13"]
[EventType "team-swiss"]
[EventRounds "6"]
[EventCountry "BRA"]
[SourceTitle "EXT 2015"]
[Source "ChessBase"]
[SourceDate "2014.11.20"]
[SourceVersion "1"]
[SourceVersionDate "2014.11.20"]
[SourceQuality "1"]
[WhiteTeam "Paranavai"]
[BlackTeam "Maringa"]
[WhiteTeamCountry "BRA"]
[BlackTeamCountry "BRA"]

1. d4 d5 2. c4 c6 3. Nc3 Nf6 4. Nf3 dxc4 5. e3 e6 6. Bxc4 Bd6 7. 0-0 Nbd7 8. Qc2 Qc7 9. b3 0-0 10. Bb2 Re8 11. Ne2 e5 12. dxe5 Nxe5 13. Nxe5 Bxe5 14. Bxe5 Qxe5 15. Ng3 Be6 16. Bxe6 Rxe6 17. Rad1 Rae8 18. Rd4 c5 19. Rf4 b6 20. Rf5 Qb8 21. Nh5 Nxh5 22. Rxh5 Rg6 23. Rd1 h6 24. Rd7 Rd6 25. Rd5 Rxd7 26. Rxd7 Rd8 27. Rxd8+ Qxd8 28. h3 Qd5 29. Qe2 Qb7 30. Qd3 b5 31. Kf1 Qc6 32. f3 a6 33. Ke2 Qf6 34. Qc2 a5 35. Kd2 Qg5 36. Kd3 Kf8 37. e4 Ke7 38. a4 b4 39. Qb2 Kd6 40. h4 Qg6 41. g4 Kc6 42. Qe5 Qd6+ 43. Qxd6+ Kxd6 44. f4 g5 45. hxg5 hxg5 46. fxg5 Ke5 47. Ke3 Ke6 1/2-1/2